| 000 | 00436nam a22001337a 4500 | ||
|---|---|---|---|
| 082 |
_a629.13 _bPRO _cL-37, P-183 |
||
| 100 |
_aC. A. E & R. A. S Pak Div _947411 |
||
| 245 | _aProceedings of seventh national aeronautical conference PAF Academy, Risalpur Vol I | ||
| 260 |
_aRisalpur: _bC. A. E & R. A. S Pak Div _c1995 |
||
| 300 |
_av, 327p,; _c24cm |
||
| 526 |
_a0 _b0 _c0 _d629_130000000000000_PRO |
||
| 650 |
_aMCE _9379 |
||
| 942 |
_2ddc _cBK |
||
| 999 |
_c550670 _d550670 |
||